000 00438nam a22001697a 4500
005 20160531152917.0
008 160531b xxu||||| |||| 00| 0 eng d
020 _a0-7069-9949-5
041 _aeng
082 _b6420
100 _aParkenson, G North Cote and others
_91604
245 _aThe Management Jungle
260 _aNew Delhi
_bVikas Publishing House (P) Ltd.
_c1998
300 _a211
650 _aManagement
_9241
942 _cBK
999 _c2263
_d2262